00357nam a2200157Ia 4500008004100000020001800041041000800059082001900067100001700086245002900103250001200132260001400144300000800158365001600166700001700182230718s9999 xx 000 0 und d a81-7671-048-2 aeng a620.00452bSRI aSrinath L.S. aReliability Engineering  a4th ed. c2014bEWP a338 cRs.b195.00 aSrinath L.S.